[Event "4NCL Division 3s"]
[Site "Daventry Court ENG"]
[Date "2015.01.10"]
[Round "3.66"]
[White "Kirby, Peter J"]
[Black "Lentzos, Ioannis"]
[Result "0-1"]
[WhiteElo "1984"]
[BlackElo "1994"]
[PlyCount "126"]
[EventDate "2015.01.10"]

1. c4 c5 2. g3 Nc6 3. Bg2 g6 4. Nc3 Bg7 5. Nf3 e5 6. O-O Nge7 7. a3 O-O 8. Rb1
a5 9. Ne1 d6 10. Nc2 Rb8 11. Ne3 Be6 12. d3 Nd4 13. b4 axb4 14. axb4 cxb4 15.
Rxb4 Qa5 16. Qa4 Qxa4 17. Rxa4 b5 18. Nxb5 Nxe2+ 19. Kh1 Nxc1 20. Rxc1 d5 21.
Nc7 dxc4 22. Nxe6 fxe6 23. Raxc4 Rxf2 24. R4c2 Rxc2 25. Rxc2 Rb1+ 26. Nf1 Nd5
27. Bxd5 exd5 28. Kg2 Rb3 29. Rc8+ Kf7 30. Rc7+ Kg8 31. Rc8+ Bf8 32. Re8 Rxd3
33. Rxe5 Kf7 34. g4 Bd6 35. Re2 Kf6 36. h4 Bf4 37. Re8 Rc3 38. Rh8 Rc7 39. Kf3
Rf7 40. Re8 g5 41. h5 Rc7 42. Rf8+ Ke5 43. Re8+ Kd4 44. Rd8 Re7 45. Kf2 Kc4 46.
Rc8+ Kd3 47. Ra8 d4 48. Ra3+ Kc2 49. Ra2+ Kb3 50. Ra6 d3 51. Rb6+ Kc2 52. Rc6+
Kd1 53. Ra6 d2 54. Nxd2 Kxd2 55. Rh6 Rf7 56. Kf3 Kd3 57. Re6 Be3+ 58. Kg3 Ke2
59. Ra6 Rf3+ 60. Kg2 Rf2+ 61. Kh3 Kf3 62. Ra3 Re2 63. Rb3 Re1 0-1

[Event "4NCL Division 3s"]
[Site "Daventry Court ENG"]
[Date "2015.01.10"]
[Round "3.67"]
[White "Taylor, Adam A"]
[Black "Van Kemenade, Rudy"]
[Result "0-1"]
[WhiteElo "2098"]
[BlackElo "1965"]
[PlyCount "46"]
[EventDate "2015.01.10"]
[WhiteTeam "e2e4.org.uk 2"]
[BlackTeam "Rhyfelwyr Essyllwg 2"]

1. Nf3 d6 2. d4 g6 3. g3 Bg7 4. Bg2 f5 5. O-O Nf6 6. c4 O-O 7. Nc3 Qe8 8. b3 c6
9. Bb2 Na6 10. Qc2 h6 11. Rac1 g5 12. Nd2 Qh5 13. e4 f4 14. Qd1 Ng4 15. h3 fxg3
16. fxg3 Bxd4+ 17. Kh1 Rxf1+ 18. Qxf1 Nf2+ 19. Kh2 Ng4+ 20. Kh1 Ne3 21. Qd3
Bxh3 22. Qxd4 Bxg2+ 23. Kg1 Rf8 0-1

[Event "4NCL Division 3s"]
[Site "Daventry Court ENG"]
[Date "2015.01.10"]
[Round "3.68"]
[White "Hatchett, Paul D"]
[Black "Mansson, James C"]
[Result "1-0"]
[WhiteElo "1971"]
[BlackElo "2105"]
[PlyCount "85"]
[EventDate "2015.01.10"]

1. e4 c5 2. Nf3 d6 3. c3 Nf6 4. Be2 Nbd7 5. d3 b6 6. O-O Bb7 7. a4 a6 8. b4 c4
9. Nbd2 cxd3 10. Bxd3 g6 11. Qe2 Bg7 12. Bb2 O-O 13. a5 Nh5 14. Qe3 b5 15. Nd4
Ne5 16. Be2 Nf6 17. f4 Nc4 18. Bxc4 bxc4 19. Nxc4 Nxe4 20. Nb6 Rb8 21. c4 e5
22. fxe5 dxe5 23. Nf3 Qe7 24. Ba3 Rfd8 25. b5 Qe8 26. bxa6 Bc6 27. a7 Rb7 28.
a8=Q Rxa8 29. Nxa8 Qxa8 30. Bc5 Nxc5 31. Qxc5 Rb2 32. a6 Bf8 33. Qxe5 Qa7+ 34.
Kh1 Bg7 35. Qd6 Ba8 36. Rab1 Bf8 37. Qd8 Rxb1 38. Rxb1 Bxf3 39. Rb8 Bxg2+ 40.
Kxg2 Qc5 41. Qxf8+ Qxf8 42. Rxf8+ Kxf8 43. a7 1-0

[Event "4NCL Division 3s"]
[Site "Daventry Court ENG"]
[Date "2015.01.10"]
[Round "3.69"]
[White "Horspool, Philip J"]
[Black "Taylor, Robert G"]
[Result "0-1"]
[WhiteElo "2034"]
[BlackElo "1990"]
[PlyCount "66"]
[EventDate "2015.01.10"]

1. e4 c5 2. Nc3 Nc6 3. Bb5 e6 4. Bxc6 bxc6 5. f4 d5 6. d3 Nf6 7. Nf3 Ba6 8. Ne5
Qc7 9. Qf3 Bd6 10. Ng4 Nd7 11. Nf2 O-O-O 12. Bd2 Nb6 13. Ne2 f6 14. Ba5 Rde8
15. g3 Qe7 16. Qe3 Bc7 17. Qd2 c4 18. a4 e5 19. b3 dxe4 20. dxe4 f5 21. Bb4 c5
22. a5 Nd7 23. Bc3 fxe4 24. f5 Nf6 25. Qe3 h5 26. b4 Bb7 27. a6 Ba8 28. bxc5
Nd5 29. Qxe4 Qxc5 30. f6 gxf6 31. Qf5+ Kb8 32. Rb1+ Bb6 33. Ne4 33... Qc7 {
Unable to decipher remaining moves} 0-1

[Event "4NCL Division 3s"]
[Site "Daventry Court ENG"]
[Date "2015.01.10"]
[Round "3.75"]
[White "Smart, Mike"]
[Black "Stewart, Joseph"]
[Result "0-1"]
[WhiteElo "2028"]
[BlackElo "2199"]
[PlyCount "44"]
[EventDate "2015.01.10"]

1. e4 c5 2. Nf3 d6 3. d4 cxd4 4. Nxd4 Nf6 5. Nc3 g6 6. Be3 Bg7 7. Bc4 O-O 8. f3
Nc6 9. Qd2 Bd7 10. h4 Na5 11. Be2 Rc8 12. Bh6 Nc4 13. Bxc4 Bxh6 14. Qxh6 Rxc4
15. Nde2 Qa5 16. h5 g5 17. Kf1 Qe5 18. Rd1 Rfc8 19. g3 Rxc3 20. bxc3 Bb5 21.
Rd3 Kh8 22. Re3 Qc5 0-1

[Event "4NCL Division 3s"]
[Site "Daventry Court ENG"]
[Date "2015.01.10"]
[Round "3.76"]
[White "Edgell, Ben"]
[Black "Punnett, Alan"]
[Result "1-0"]
[WhiteElo "2116"]
[BlackElo "2050"]
[PlyCount "119"]
[EventDate "2015.01.10"]

1. Nf3 Nf6 2. c4 g6 3. Nc3 Bg7 4. d4 d5 5. Bg5 c6 6. Bxf6 Bxf6 7. cxd5 cxd5 8.
Qb3 e6 9. e3 O-O 10. Be2 b6 11. Rc1 Bb7 12. O-O Nc6 13. Qa4 Qe7 14. a3 Rfc8 15.
b4 Bg7 16. Rc2 Qd8 17. Rfc1 a6 18. Qb3 Ne7 19. Na4 Bc6 20. Nb2 Bb7 21. Nd3 Rxc2
22. Rxc2 Rc8 23. Nfe5 Rxc2 24. Qxc2 Qc8 25. Qxc8+ Bxc8 26. g4 f6 27. Nf3 Nc6
28. g5 Kf7 29. h4 Ke7 30. Nf4 Kd6 31. h5 fxg5 32. Nxg5 gxh5 33. Nxh5 h6 34.
Nxe6 Kxe6 35. Bg4+ Kf7 36. Bxc8 a5 37. Bb7 Ne7 38. Nf4 axb4 39. axb4 Kf6 40.
Bxd5 b5 41. Be4 Bf8 42. Kg2 Nf5 43. Bc6 Bd6 44. Nd3 Ne7 45. Bxb5 Nd5 46. e4
Nf4+ 47. Nxf4 Bxf4 48. e5+ Kf5 49. Bd3+ Ke6 50. Kf3 Bd2 51. Ke4 Bxb4 52. f4 h5
53. d5+ Kf7 54. d6 h4 55. Bf1 Bc3 56. f5 Ba5 57. e6+ Kf6 58. e7 Kf7 59. Bc4+
Ke8 60. Bb5+ 1-0

[Event "4NCL Division 3s"]
[Site "Daventry Court ENG"]
[Date "2015.01.10"]
[Round "3.77"]
[White "Shepley, Julien"]
[Black "Littlejohns, David"]
[Result "1/2-1/2"]
[WhiteElo "1964"]
[BlackElo "2002"]
[PlyCount "62"]
[EventDate "2015.01.10"]

1. e4 c6 2. d4 d5 3. Nd2 dxe4 4. Nxe4 Bf5 5. Ng3 Bg6 6. h4 h6 7. Nf3 Nd7 8. h5
Bh7 9. Bd3 Bxd3 10. Qxd3 Ngf6 11. Bd2 Qc7 12. O-O-O e6 13. Ne4 Nxe4 14. Qxe4
Nf6 15. Qe2 Bd6 16. g3 Nd7 17. Bc3 Nf6 18. Ne5 Bxe5 19. dxe5 Nd5 20. Rd3 Nxc3
21. Rxc3 O-O-O 22. f4 Rd5 23. Rd1 Rhd8 24. Rcd3 Qa5 25. a3 Rxd3 26. Rxd3 Rxd3
27. cxd3 Qc5+ 28. Kd2 Qd4 29. Kc2 Qc5+ 30. Kd2 Qd4 31. Kc2 Qc5+ 1/2-1/2

[Event "4NCL Division 3s"]
[Site "Daventry Court ENG"]
[Date "2015.01.10"]
[Round "3.78"]
[White "Villiers, Thomas"]
[Black "Stimpson, Phil"]
[Result "1-0"]
[WhiteElo "2080"]
[BlackElo "1993"]
[PlyCount "73"]
[EventDate "2015.01.10"]

1. e4 d5 2. exd5 Nf6 3. Bb5+ Nbd7 4. Nc3 a6 5. Be2 Nb6 6. d4 Nbxd5 7. Nxd5 Qxd5
8. Nf3 e6 9. O-O Bd6 10. c4 Qh5 11. Ne5 Qh4 12. f4 h5 13. Bd2 Ng4 14. Nf3 Qf6
15. h3 Bxf4 16. Ne5 Bxe5 17. dxe5 Qxe5 18. hxg4 hxg4 19. Bxg4 Bd7 20. Qe2 Qh2+
21. Kf2 Bc6 22. Bf3 Qh4+ 23. Ke3 O-O-O 24. Bxc6 Qg5+ 25. Rf4 Qc5+ 26. Kf3 Qxc6+
27. Kf2 e5 28. Rxf7 Rh2 29. Kg1 Rdh8 30. Rf8+ Rxf8 31. Kxh2 Qf6 32. Kg1 Qh4 33.
Rf1 Rh8 34. Qxe5 Qh1+ 35. Kf2 Rf8+ 36. Bf4 Qh4+ 37. Kg1 1-0

[Event "4NCL Division 3s"]
[Site "Daventry Court ENG"]
[Date "2015.01.10"]
[Round "3.79"]
[White "Singleton, M."]
[Black "Bullen, Alex"]
[Result "1-0"]
[WhiteElo "2118"]
[BlackElo "2038"]
[PlyCount "109"]
[EventDate "2015.01.10"]

1. d4 d5 2. c4 e6 3. Nc3 Nf6 4. Bg5 Nbd7 5. Nf3 c6 6. e3 Qa5 7. Nd2 Bb4 8. Qc2
e5 9. dxe5 Ne4 10. Ndxe4 dxe4 11. Be2 Nxe5 12. O-O Nf3+ 13. Bxf3 exf3 14. Ne4
fxg2 15. Rfd1 Bf5 16. a3 Qe5 17. f3 Bxe4 18. Qxe4 Qxe4 19. fxe4 Be7 20. Bxe7
Kxe7 21. Kxg2 Rad8 22. Rd4 Kf6 23. Kf3 Rde8 24. Rg1 g6 25. Kf4 Re6 26. c5 Rhe8
27. Rd6 Kg7 28. Rxe6 Rxe6 29. Rd1 Rf6+ 30. Kg3 Re6 31. Rd4 Kf6 32. Kf3 Ke7 33.
Rb4 b6 34. cxb6 axb6 35. Rxb6 Kd6 36. Rb7 Rf6+ 37. Ke2 h5 38. a4 Re6 39. Kd3 f6
40. b4 Ke5 41. Rd7 Re8 42. a5 Rb8 43. Rd4 g5 44. Kc4 g4 45. Kc5 h4 46. a6 g3
47. hxg3 hxg3 48. a7 Rg8 49. Kxc6 g2 50. Rd1 Kxe4 51. b5 Kf3 52. b6 Rh8 53. Rg1
f5 54. b7 Kf2 55. Rxg2+ 1-0

[Event "4NCL Division 3s"]
[Site "Daventry Court ENG"]
[Date "2015.01.10"]
[Round "3.80"]
[White "Taylor, Will"]
[Black "Horlock, Peter J"]
[Result "1-0"]
[WhiteElo "2000"]
[BlackElo "1615"]
[PlyCount "61"]
[EventDate "2015.01.10"]

1. e4 e5 2. Nf3 Nc6 3. Bc4 Be7 4. d4 exd4 5. c3 d6 6. Qb3 Na5 7. Bxf7+ Kf8 8.
Qa4 Kxf7 9. Qxa5 Nf6 10. cxd4 b6 11. Qb5 c6 12. Qb3+ d5 13. Nc3 Re8 14. Ne5+
Kf8 15. Nxc6 Qc7 16. Nxe7 Rxe7 17. e5 Ba6 18. Bg5 Bc4 19. Qa3 Kg8 20. b3 Bd3
21. Rc1 Rxe5+ 22. Be3 Rxe3+ 23. fxe3 Ng4 24. Kd2 Qf7 25. Qd6 Qf2+ 26. Kxd3 Qf5+
27. e4 dxe4+ 28. Kc2 Rc8 29. Kb2 Ne3 30. Rhe1 Qg5 31. Qe6+ 1-0

[Event "4NCL Division 3s"]
[Site "Daventry Court ENG"]
[Date "2015.01.10"]
[Round "3.85"]
[White "Maciol, Ryszard"]
[Black "Rutter, Nick"]
[Result "1-0"]
[WhiteElo "2204"]
[BlackElo "2151"]
[PlyCount "59"]
[EventDate "2015.01.10"]

1. d4 d5 2. c4 e6 3. Nc3 c6 4. cxd5 exd5 5. Bf4 Bd6 6. Bg3 Ne7 7. e3 Bf5 8. Bd3
O-O 9. Nge2 b5 10. O-O Bb4 11. Rc1 Qd7 12. a3 Bxc3 13. Nxc3 Bxd3 14. Qxd3 Nf5
15. Bf4 a5 16. Ne2 Na6 17. Rc2 Rac8 18. Rfc1 Rfe8 19. h3 a4 20. Qd2 Nd6 21.
Bxd6 Qxd6 22. Qa5 Nb8 23. Nf4 Nd7 24. Nd3 Ra8 25. Qb4 Qg6 26. Nf4 Qe4 27. Rxc6
g5 28. Ne2 g4 29. Ng3 Qd3 30. hxg4 1-0

[Event "4NCL Division 3s"]
[Site "Daventry Court ENG"]
[Date "2015.01.10"]
[Round "3.87"]
[White "Quinn, John"]
[Black "Bryant, Richard BE"]
[Result "1-0"]
[WhiteElo "2119"]
[BlackElo "1904"]
[PlyCount "59"]
[EventDate "2015.01.10"]

1. d4 d5 2. c4 c6 3. Nf3 Nf6 4. Nc3 Bf5 5. cxd5 cxd5 6. Qb3 Qb6 7. Nxd5 Qxb3 8.
Nxf6+ exf6 9. axb3 Bc2 10. Bd2 Bxb3 11. e4 Bd6 12. Bb5+ Ke7 13. O-O Rc8 14. d5
Be5 15. Bb4+ Kd8 16. Nxe5 fxe5 17. f4 Bc4 18. Ba5+ b6 19. Bxc4 bxa5 20. Bb5 Rc5
21. Ba4 exf4 22. Rxf4 f6 23. e5 Rxd5 24. exf6 gxf6 25. Rxf6 Nd7 26. Rf7 Rb8 27.
Rxh7 Ne5 28. Rf1 Ng6 29. Bc2 Ne7 30. Rf8+ 1-0

[Event "4NCL Division 3s"]
[Site "Daventry Court ENG"]
[Date "2015.01.10"]
[Round "3.89"]
[White "Evans, Craig"]
[Black "Paul, Nathanael"]
[Result "1-0"]
[WhiteElo "1972"]
[BlackElo "1904"]
[PlyCount "45"]
[EventDate "2015.01.10"]

1. e4 c6 2. d4 d5 3. e5 Bf5 4. Nf3 e6 5. Be2 c5 6. Be3 Qb6 7. Nc3 Qxb2 8. Nb5
Na6 9. dxc5 Nb4 10. O-O Nxc2 11. Rb1 Qxa2 12. Qd2 Rc8 13. Ra1 Qxa1 14. Rxa1
Nxa1 15. Qb2 f6 16. Qxa1 Bxc5 17. Nd6+ Bxd6 18. Qa4+ Ke7 19. exd6+ Kxd6 20.
Qb4+ Kc7 21. Bxa7 Nh6 22. Qe7+ Kc6 23. Nd4# 1-0

[Event "4NCL Division 3s"]
[Site "Daventry Court ENG"]
[Date "2015.01.10"]
[Round "3.90"]
[White "Lewis, Christopher"]
[Black "Wagner, Guy"]
[Result "1-0"]
[WhiteElo "1800"]
[BlackElo "1857"]
[PlyCount "93"]
[EventDate "2015.01.10"]

1. e4 d5 2. exd5 Qxd5 3. d4 e5 4. dxe5 Qxd1+ 5. Kxd1 Nc6 6. Bf4 Bf5 7. c3
O-O-O+ 8. Nd2 Bc5 9. Bg3 f6 10. Ngf3 fxe5 11. Nxe5 Nxe5 12. Bxe5 Nf6 13. Bxf6
gxf6 14. Bc4 Bxf2 15. Rf1 Bg4+ 16. Kc2 Be3 17. Ne4 Bh5 18. Nxf6 Rd2+ 19. Kb3
Bg6 20. Be6+ Kb8 21. Nd7+ Ka8 22. Rae1 Bg5 23. Bh3 a5 24. Re5 Bc2+ 25. Ka3 Rxd7
26. Bxd7 Bh6 27. Rxa5+ Kb8 28. Bf5 b6 29. Rd5 Rf8 30. g4 Kb7 31. b3 Be4 32.
Rdd1 Bc6 33. Bxh7 Re8 34. h4 Bg7 35. Rc1 Rh8 36. Bf5 Rxh4 37. c4 Rh8 38. Rc2
Ra8+ 39. Kb4 Rf8 40. Re1 Bf3 41. Be4+ Bxe4 42. Rxe4 Rd8 43. g5 Bf8+ 44. c5 Rd5
45. Rg4 bxc5+ 46. Kc4 Bg7 47. Kxd5 1-0

[Event "4NCL Division 3s"]
[Site "Daventry Court ENG"]
[Date "2015.01.10"]
[Round "3.95"]
[White "Piper, Stephen J"]
[Black "Savage, Nicholas W"]
[Result "1-0"]
[WhiteElo "2028"]
[BlackElo "2007"]
[PlyCount "67"]
[EventDate "2015.01.10"]

1. c4 c5 2. Nc3 Nc6 3. g3 g6 4. Bg2 Bg7 5. d3 e5 6. e4 Nge7 7. Nge2 d6 8. Be3
Nd4 9. O-O O-O 10. Qd2 a6 11. Rab1 Rb8 12. b4 cxb4 13. Rxb4 Nec6 14. Rb2 Bd7
15. Rfb1 b6 16. Bxd4 Nxd4 17. Nxd4 exd4 18. Nd5 b5 19. a4 b4 20. Rxb4 Rxb4 21.
Qxb4 a5 22. Qa3 Qg5 23. Rb7 Bg4 24. f4 Qh5 25. Ne7+ Kh8 26. Rb5 f5 27. Qb2 Bf3
28. Bf1 Bd1 29. Rxa5 Qf3 30. exf5 Re8 31. Nd5 gxf5 32. Ra7 h5 33. Qb7 Rg8 34.
Qe7 1-0

[Event "4NCL Division 3s"]
[Site "Daventry Court ENG"]
[Date "2015.01.10"]
[Round "3.96"]
[White "Peters, John A"]
[Black "Jones, Christopher M"]
[Result "0-1"]
[WhiteElo "2000"]
[BlackElo "2078"]
[PlyCount "98"]
[EventDate "2015.01.10"]

1. e4 e5 2. Nf3 Nc6 3. Bb5 f5 4. d3 Nf6 5. Qe2 Bc5 6. Nbd2 O-O 7. Nb3 Bb6 8.
Bc4+ Kh8 9. Bg5 d6 10. O-O-O a5 11. Nbd2 a4 12. c3 Na5 13. Nh4 Nxc4 14. Nxc4
fxe4 15. Nxb6 cxb6 16. dxe4 a3 17. b3 Qc7 18. Rd3 Be6 19. Bxf6 Rxf6 20. Rhd1
Raf8 21. f3 b5 22. g4 b4 23. Nf5 Bxf5 24. exf5 bxc3 25. Kc2 Rc8 26. Qe3 Rh6 27.
Rh1 Rh3 28. Qe4 Qb6 29. Qe3 Qxe3 30. Rxe3 Kg8 31. Rxc3 Rxc3+ 32. Kxc3 Rxf3+ 33.
Kb4 Kf7 34. Kxa3 h5 35. h3 h4 36. Kb4 Kf6 37. Rd1 Ke7 38. Rh1 e4 39. Kc4 Rd3
40. g5 d5+ 41. Kc5 e3 42. Re1 d4 43. Kd5 Rd2 44. Ke5 e2 45. f6+ gxf6+ 46. gxf6+
Kf7 47. Rc1 Rd1 48. Rc7+ Kg6 49. Rg7+ Kh6 0-1

[Event "4NCL Division 3s"]
[Site "Daventry Court ENG"]
[Date "2015.01.10"]
[Round "3.97"]
[White "Compton, Alistair"]
[Black "Ruthen, Stephen W"]
[Result "1-0"]
[WhiteElo "2071"]
[BlackElo "2053"]
[PlyCount "53"]
[EventDate "2015.01.10"]

1. e4 e5 2. Bc4 Nf6 3. d4 exd4 4. Nf3 Nc6 5. O-O Bc5 6. e5 d5 7. exf6 dxc4 8.
Re1+ Be6 9. Bg5 gxf6 10. Bh6 Rg8 11. Nbd2 Qd7 12. Ne4 Be7 13. c3 Rg6 14. Bf4
Rg4 15. g3 O-O-O 16. Nxd4 Nxd4 17. cxd4 Qxd4 18. Qf3 f5 19. Nc3 Rdg8 20. Bxc7
f4 21. Rad1 fxg3 22. Rxd4 gxh2+ 23. Kxh2 Rxd4 24. Bg3 Bd6 25. Ne4 Bxg3+ 26.
fxg3 Bd5 27. Qf5+ 1-0

[Event "4NCL Division 3s"]
[Site "Daventry Court ENG"]
[Date "2015.01.10"]
[Round "3.98"]
[White "Ukken, Somton"]
[Black "Gibson, Christopher A"]
[Result "1/2-1/2"]
[WhiteElo "1915"]
[BlackElo "1995"]
[PlyCount "36"]
[EventDate "2015.01.10"]

1. d4 d5 2. c4 e6 3. Nf3 c6 4. Qc2 Nf6 5. g3 Nbd7 6. Nbd2 Bd6 7. Bg2 O-O 8. O-O
Qe7 9. e4 dxe4 10. Nxe4 Nxe4 11. Qxe4 c5 12. Be3 Nf6 13. Qc2 cxd4 14. Bxd4 Bc5
15. Bc3 Bb4 16. Bd4 Bc5 17. Bc3 Bb4 18. Bd4 Bc5 1/2-1/2

[Event "4NCL Division 3s"]
[Site "Daventry Court ENG"]
[Date "2015.01.10"]
[Round "3.99"]
[White "Jaszkiwskyj, Peter"]
[Black "Szymanski, Mark"]
[Result "1-0"]
[WhiteElo "1933"]
[BlackElo "1839"]
[PlyCount "121"]
[EventDate "2015.01.10"]

1. d4 Nf6 2. Nf3 c5 3. d5 g6 4. g3 Bg7 5. Bg2 d6 6. O-O Na6 7. c4 O-O 8. Nc3
Nc7 9. e4 b5 10. cxb5 a6 11. bxa6 Nxa6 12. Re1 Ng4 13. Bf4 f6 14. Qd2 Bd7 15.
Bf1 Qb6 16. h3 Ne5 17. Nxe5 fxe5 18. Be3 Rfb8 19. Reb1 Qc7 20. Qe2 Qc8 21. Kh2
Qf8 22. a3 Nc7 23. Qd2 Rb3 24. Bc4 Rb7 25. Qd3 Bh6 26. b3 Rab8 27. a4 Bxe3 28.
Qxe3 Qc8 29. g4 Qf8 30. Kg3 Qf6 31. Qf3 Qg7 32. Qe3 Rf8 33. Ra2 Rf4 34. Ne2 g5
35. Kg2 Rf7 36. Ng3 Rf4 37. Nh5 Qg6 38. Nxf4 gxf4 39. Qd3 h5 40. f3 Qg5 41. Rg1
Qh4 42. Qe2 Qg3+ 43. Kf1 Qxh3+ 44. Qg2 Qxg2+ 45. Raxg2 hxg4 46. fxg4 Ne8 47.
Kf2 Nf6 48. Kf3 Kg7 49. Rh2 Rb8 50. a5 Ra8 51. a6 Bc8 52. Ra2 Kg6 53. Bb5 Kg5
54. a7 Bb7 55. Bc6 Bxc6 56. dxc6 d5 57. c7 dxe4+ 58. Ke2 Nxg4 59. Rd1 f3+ 60.
Ke1 Rh8 61. a8=Q 1-0

[Event "4NCL Division 3s"]
[Site "Daventry Court ENG"]
[Date "2015.01.10"]
[Round "3.99"]
[White "Downham, Alan F"]
[Black "Ressel, Eva"]
[Result "1-0"]
[WhiteElo "1996"]
[BlackElo "1527"]
[PlyCount "53"]
[EventDate "2015.01.10"]

1. c4 e5 2. Nc3 Nc6 3. g3 f5 4. Bg2 Nf6 5. d3 Bb4 6. Bd2 Bxc3 7. Bxc3 d6 8. Nf3
O-O 9. O-O Qe8 10. Qd2 h6 11. Ne1 f4 12. e3 Qh5 13. exf4 Bh3 14. Bxh3 Qxh3 15.
fxe5 Ng4 16. f3 Ncxe5 17. Bxe5 Nxe5 18. b3 Rf5 19. d4 Ng4 20. Nd3 Raf8 21. Nf4
Qxh2+ 22. Qxh2 Nxh2 23. Kxh2 g5 24. Ne6 R8f7 25. Kg2 c6 26. Rae1 Re7 27. Rh1
1-0

[Event "4NCL Division 3s"]
[Site "Daventry Court ENG"]
[Date "2015.01.10"]
[Round "3.99"]
[White "Chan, Nevil"]
[Black "Savory, Richard"]
[Result "0-1"]
[WhiteElo "2014"]
[BlackElo "2106"]
[PlyCount "76"]
[EventDate "2015.01.10"]

1. d4 d5 2. Nc3 Bf5 3. Bf4 e6 4. e3 Nf6 5. Bd3 Bd6 6. Bg3 a6 7. Nf3 Nbd7 8. O-O
O-O 9. Ne5 Ne4 10. Nxd7 Qxd7 11. Nxe4 Bxe4 12. Bxe4 dxe4 13. c4 Bxg3 14. fxg3
Qe7 15. Qg4 f5 16. Qf4 g5 17. Qe5 Qd6 18. Qxd6 cxd6 19. Rac1 Rac8 20. Rf2 Rc7
21. b3 Rfc8 22. Rfc2 a5 23. a3 b5 24. Kf2 a4 25. bxa4 bxc4 26. Rb1 d5 27. Rb4
Ra7 28. Rcb2 Rca8 29. Rb8+ Kf7 30. Rxa8 Rxa8 31. Rb4 Ra6 32. Ke2 Kg6 33. Kd2
Kh5 34. Kc3 Kg4 35. Kb2 f4 36. gxf4 gxf4 37. exf4 Kxf4 38. Kc3 Ke3 0-1

[Event "4NCL Division 3s"]
[Site "Daventry Court ENG"]
[Date "2015.01.10"]
[Round "3.99"]
[White "Hosken, Nigel K"]
[Black "Gooding, Ian"]
[Result "0-1"]
[WhiteElo "2118"]
[BlackElo "2013"]
[PlyCount "88"]
[EventDate "2015.01.10"]

1. d4 d5 2. Nf3 Nf6 3. c4 c6 4. Nc3 dxc4 5. a4 Na6 6. e4 Bg4 7. Bxc4 e6 8. Be3
Nb4 9. Qd2 Bxf3 10. gxf3 Be7 11. O-O O-O 12. Kh1 Re8 13. Rad1 Qa5 14. Rg1 Rad8
15. Qe2 a6 16. Bb3 c5 17. Bh6 g6 18. e5 Nfd5 19. Ne4 cxd4 20. Rxd4 Nc6 21. Rd2
Nxe5 22. Rgd1 Nf6 23. Nd6 Bxd6 24. Rxd6 Rxd6 25. Rxd6 Qc5 26. Rd1 Nc6 27. Qc2
Qh5 28. Be3 Qxf3+ 29. Kg1 Ng4 30. Re1 Nxe3 31. Rxe3 Qg4+ 32. Rg3 Qb4 33. Qc3
Qxc3 34. Rxc3 Rd8 35. Kg2 Kg7 36. Bc4 Ne5 37. Be2 Rd2 38. Re3 Kf6 39. b3 Nc6
40. Bf3 Rc2 41. b4 Nxb4 42. Bxb7 Ra2 43. Re4 a5 44. Rf4+ Kg7 0-1

[Event "4NCL Division 3s"]
[Site "Daventry Court ENG"]
[Date "2015.01.10"]
[Round "3.99"]
[White "Kreuzer, Christopher RL"]
[Black "Meadows, Mike"]
[Result "0-1"]
[WhiteElo "1959"]
[BlackElo "1849"]
[PlyCount "80"]
[EventDate "2015.01.10"]

1. e4 c6 2. d4 d5 3. e5 c5 4. Nc3 cxd4 5. Qxd4 e6 6. Nf3 Nc6 7. Bb5 Bd7 8. Bxc6
bxc6 9. O-O Ne7 10. Qd3 Ng6 11. Re1 Be7 12. Ne2 O-O 13. c3 f6 14. exf6 Bxf6 15.
Nf4 Nxf4 16. Bxf4 Qb6 17. Bd6 Rf7 18. b4 Re8 19. Re3 Bc8 20. Rae1 Qd8 21. Bc5
Qc7 22. Ne5 Bxe5 23. Rxe5 a5 24. a3 Bd7 25. R1e3 axb4 26. cxb4 Ra8 27. Qb3 Qd8
28. Rf3 Rxf3 29. Qxf3 Qf6 30. Qxf6 gxf6 31. Re3 e5 32. f4 d4 33. Rg3+ Kf7 34.
fxe5 fxe5 35. Kf2 Bf5 36. b5 cxb5 37. Rb3 Bd7 38. Ke2 Ke6 39. Rh3 Kd5 40. Rxh7
Bg4+ 0-1

[Event "4NCL Division 3s"]
[Site "Daventry Court ENG"]
[Date "2015.01.10"]
[Round "3.99"]
[White "Thompson, Rob"]
[Black "Campbell, Mark C"]
[Result "1-0"]
[WhiteElo "1998"]
[BlackElo "1956"]
[PlyCount "65"]
[EventDate "2015.01.10"]

1. Nf3 Nf6 2. c4 e6 3. g3 b6 4. Bg2 Bb7 5. O-O Be7 6. d4 O-O 7. Nc3 d5 8. Ne5
c6 9. Qa4 Nfd7 10. Rd1 Nxe5 11. dxe5 Qc7 12. Bf4 g5 13. cxd5 exd5 14. Rac1 gxf4
15. Nxd5 Qxe5 16. gxf4 Qd6 17. Ne3 Qb4 18. Qxb4 Bxb4 19. Rc4 Bc5 20. Ng4 Rc8
21. b4 Bf8 22. b5 Rc7 23. Nf6+ Kh8 24. Rd8 Na6 25. Rxa8 Bxa8 26. bxa6 Bc5 27.
e4 Re7 28. e5 Kg7 29. Rc3 Re6 30. Rg3+ Kh6 31. Rh3+ Kg7 32. Rxh7+ Kg6 33. Be4#
1-0

[Event "4NCL Division 3s"]
[Site "Daventry Court ENG"]
[Date "2015.01.10"]
[Round "3.99"]
[White "Ivanov, George"]
[Black "White, Martin"]
[Result "0-1"]
[WhiteElo "1704"]
[BlackElo "1830"]
[PlyCount "92"]
[EventDate "2015.01.10"]

1. e4 c5 2. Nf3 g6 3. d4 cxd4 4. Nxd4 Nc6 5. Be3 Nf6 6. f3 Bg7 7. Nc3 O-O 8.
Be2 d5 9. exd5 Nxd5 10. Nxd5 Qxd5 11. Nxc6 Qxc6 12. c3 Bf5 13. O-O Rfd8 14. Qb3
Bd3 15. Bxd3 Rxd3 16. Bf2 a6 17. Rad1 Rad8 18. Rxd3 Rxd3 19. Rd1 Qd7 20. Rxd3
Qxd3 21. Bg3 Bh6 22. f4 Qe3+ 23. Kf1 Bxf4 24. Bxf4 Qxf4+ 25. Kg1 Qe4 26. Qd1
Kg7 27. h3 h5 28. a3 h4 29. Qd2 f6 30. b3 Qb1+ 31. Kh2 Qxb3 32. Qd7 Kf7 33. a4
Qc4 34. Qxb7 Qxa4 35. Qd5+ Kg7 36. Qd8 Qf4+ 37. Kh1 Qd6 38. Qa5 g5 39. c4 Kf7
40. c5 Qd5 41. Qb6 g4 42. hxg4 h3 43. Qb2 Qxg2+ 44. Qxg2 hxg2+ 45. Kxg2 a5 46.
c6 Ke6 0-1

[Event "4NCL Division 3s"]
[Site "Daventry Court ENG"]
[Date "2015.01.10"]
[Round "3.99"]
[White "Taylor, John-Paul"]
[Black "Ivanov, Elizabeth"]
[Result "0-1"]
[WhiteElo "1878"]
[BlackElo "1569"]
[PlyCount "54"]
[EventDate "2015.01.10"]

1. e4 e5 2. Nf3 Nc6 3. Bb5 a6 4. Ba4 Bc5 5. O-O Nge7 6. c3 b5 7. Bb3 d6 8. Ng5
d5 9. exd5 Na5 10. Nxf7 Kxf7 11. d6+ Nxb3 12. dxe7 Qxe7 13. Qf3+ Qf6 14. Qd5+
Be6 15. Qc6 Nxa1 16. Qxc5 Rhf8 17. d4 Bc4 18. Re1 Kg8 19. dxe5 Qf5 20. Nd2 Nc2
21. Re4 Rad8 22. g4 Qg6 23. f3 Bd5 24. e6 Bxe4 25. e7 Bxf3 26. g5 Qe6 27. Kf2
Qe2+ 0-1

[Event "4NCL Division 3s"]
[Site "Daventry Court ENG"]
[Date "2015.01.10"]
[Round "3.99"]
[White "Holes, Michal"]
[Black "Hughes, Roy"]
[Result "1-0"]
[WhiteElo "2040"]
[BlackElo "2005"]
[PlyCount "137"]
[EventDate "2015.01.10"]

1. e4 d5 2. exd5 Qxd5 3. Nc3 Qd6 4. d4 Nf6 5. Nf3 c6 6. Bd3 Bg4 7. Be3 Nbd7 8.
h3 Bxf3 9. Qxf3 e6 10. O-O-O Qc7 11. Rhe1 Bb4 12. Bd2 O-O-O 13. Kb1 Nb6 14. Nb5
cxb5 15. Bxb4 Nbd5 16. Bd2 b4 17. g4 Qc6 18. Qg3 Qb6 19. Ka1 Qxd4 20. g5 Ne8
21. Re4 Qb6 22. Rc4+ Nec7 23. Qe5 f6 24. Qe1 Qd6 25. gxf6 gxf6 26. Bxb4 Nxb4
27. Rxb4 f5 28. c3 Rhe8 29. a3 Kb8 30. Bc2 Qc5 31. Ba4 Rg8 32. Rbd4 Rxd4 33.
Rxd4 a6 34. Bb3 Re8 35. Qe3 Qa7 36. Qe5 Qb6 37. Ba4 Rg8 38. Rb4 Qxf2 39. Bc6 b6
40. Rd4 Qg1+ 41. Ka2 Qg7 42. Qe3 Qg3 43. Qd2 Qg5 44. Qxg5 Rxg5 45. Rd8+ Ka7 46.
Rd7 Kb8 47. h4 Rg8 48. Rxh7 Rf8 49. h5 f4 50. Bf3 b5 51. h6 Nd5 52. Rg7 Nf6 53.
Rb7+ Kc8 54. Ra7 Kd8 55. h7 Nxh7 56. Rxh7 e5 57. Ra7 Rf6 58. Kb3 Rd6 59. Kc2
Ke8 60. Bb7 Rb6 61. Kd3 Ke7 62. Ke4 a5 63. Kxe5 b4 64. Bd5+ Kd8 65. axb4 axb4
66. Rb7 Rh6 67. Rxb4 Rh5+ 68. Kd6 Rh6+ 69. Be6 1-0